000
00345nam a2200133Ia 4500
008
230411s9999 xx 000 0 und d
041
_a
eng
082
_a
X/822/R P/B08916
100
_a
R Prasad
_9
179959
245
_a
The Hindu Speaks on Scientific Facts
260
_b
Kasturi and Sons
_a
Chennai
_c
2015
300
_a
505p
999
_c
158307
_d
158307